[Event "Altensteig-J"]
[Site "Altensteig"]
[Date "1994.??.??"]
[Round "?"]
[White "Pribyl, Martin"]
[Black "Pelletier, Yannick"]
[Result "0-1"]
[WhiteElo "2360"]
[BlackElo "2365"]

1.e4 c5 2.Nf3 Nc6 3.Nc3 d6 4.Bb5 Bd7 5.O-O Nf6 6.Re1 e5 7.a4 g6 8.d3 Bg7
9.Nd2 O-O 10.Nf1 Nh5 11.Nd5 Nd4 12.Bc4 Kh8 13.c3 Ne6 14.a5 Qh4 15.Be3 f5
16.exf5 gxf5 17.Ng3 Be8 18.Nxh5 Bxh5 19.f3 Rae8 20.Ra4 e4 21.dxe4 Be5 22.Bf2 Qxh2+
23.Kf1 Qh1+ 24.Bg1 fxe4 25.Rxe4 Bxf3 26.gxf3 Rxf3+ 27.Ke1 Ng5 28.Re2 Qxg1+
29.Kd2 Rf1 30.Qb3 Nf3+ 31.Kc2 Rc1+ 32.Kd3 Rd1+ 33.Kc2 Qg6+ 34.Re4 Qxe4+ 35.Kxd1 Qe1+
36.Kc2 Qf2+ 37.Kd3 Qd2+ 38.Ke4 Bd4+ 39.Ne7 Rxe7+ 40.Be6 Rxe6+  0-1

[Event "Alushta1"]
[Site "Alushta"]
[Date "1994.??.??"]
[Round "2"]
[White "Gipslis, Aivars"]
[Black "Fominyh, Alexander"]
[Result "1/2-1/2"]
[WhiteElo "2480"]
[BlackElo "2515"]

1.e4 c5 2.Nf3 Nc6 3.Nc3 e6 4.Bb5 Qc7 5.O-O a6 6.Bxc6 Qxc6 7.Re1 b5 8.a4 b4
9.Nd5 Ne7 10.Ne5 Qd6 11.Nc4 Qc6 12.Ndb6 Rb8 13.a5 Ng6 14.d4 cxd4 15.Qxd4 f6
16.Be3 Bb7 17.Rad1 Rd8 18.f3 Be7 19.Nd6+ Bxd6 20.Qxd6 Qxd6 21.Rxd6 h5 22.Bd2 h4
23.Bxb4 Rh5 24.c4 Ne5 25.Bc3 h3 26.f4 Nc6 27.b4 hxg2 28.Kxg2 f5  1/2-1/2

[Event "Alushta1"]
[Site "Alushta"]
[Date "1994.??.??"]
[Round "7"]
[White "Gipslis, Aivars"]
[Black "Manakova, Maria"]
[Result "1-0"]
[WhiteElo "2480"]
[BlackElo "2315"]

1.e4 c5 2.Nf3 Nc6 3.Nc3 e5 4.Bc4 d6 5.d3 Be7 6.Nd2 Bg5 7.h4 Bh6 8.g4 Bxd2+
9.Bxd2 Nd4 10.a4 h5 11.gxh5 Nf6 12.Bg5 Bg4 13.Qxg4 Nxg4 14.Bxd8 Rxd8 15.Kd2 Rxh5
16.Nb5 Nf3+ 17.Ke2 Ngh2 18.Nxa7 Rxh4 19.c3 Ke7 20.a5 Ra8 21.Nb5 Ng5 22.Nc7 Rb8
23.b4 cxb4 24.cxb4 Rc8 25.Nd5+ Kf8 26.b5 Rxc4 27.dxc4 Rxe4+ 28.Ne3 Ng4 29.a6 bxa6
30.bxa6  1-0

[Event "Amantea op"]
[Site "Amantea"]
[Date "1994.??.??"]
[Round "?"]
[White "Nicevski, Risto"]
[Black "Borgo, Giulio"]
[Result "0-1"]
[WhiteElo "2335"]
[BlackElo "2320"]

1.e4 c5 2.Nf3 Nc6 3.Nc3 Nf6 4.e5 Ng4 5.Qe2 Qc7 6.Nb5 Qb8 7.d4 cxd4 8.Bf4 f6
9.O-O-O Ngxe5 10.Nfxd4 a6 11.Nxc6 bxc6 12.Nc3 Nd3+ 13.Rxd3 Qxf4+ 14.Kb1 e6
15.h4 Rb8 16.g3 Qe5 17.Re3 Qa5 18.Bh3 Bc5 19.Rd3 O-O 20.Rhd1 f5 21.f4 d5
22.Ka1 Qb4 23.Rb1 Bd7 24.Bg2 Bd4 25.Nd1 Bf6 26.c3 Qa5 27.Ne3 Rb5 28.Rbd1 Rfb8
29.Nc4 dxc4 30.Rxd7 Bxc3 31.Rd8+ Rxd8 32.Rxd8+ Qxd8 33.bxc3 Qd6 34.Bf1 Kf8
35.Qc2 Rd5  0-1

[Event "AUT-chT"]
[Site "?"]
[Date "1994.??.??"]
[Round "?"]
[White "Peterwagner, Heinz"]
[Black "Beck, Hartmuth"]
[Result "0-1"]
[WhiteElo "2215"]
[BlackElo "2285"]

1.e4 c5 2.Nc3 Nc6 3.Nge2 d6 4.d4 cxd4 5.Nxd4 Nf6 6.Be2 e6 7.Nb3 a6 8.O-O Be7
9.f4 O-O 10.Be3 Qc7 11.Bf3 Rb8 12.Qe1 b5 13.a3 b4 14.axb4 Nxb4 15.Qf2 e5
16.f5 d5 17.exd5 Bxf5 18.Ba7 Nxc2 19.Bxb8 Rxb8 20.Rxa6 Rxb3 21.Rc6 Qa5 22.Bd1 Bd7
23.Qxc2 Bxc6 24.Qxb3 Nxd5 25.Nxd5 Bxd5 26.Qb8+ Bf8 27.Qxe5 Qc5+ 28.Rf2 Qc6
29.Rc2 Qb5 30.h3 h6 31.Kh2 Qd3 32.Qe2 Bd6+ 33.Kg1 Qd4+ 34.Kf1 Bh2 35.Rc8+ Kh7
36.Qf2 Qxd1+ 37.Qe1 Bxg2+  0-1

[Event "AUT-chT"]
[Site "?"]
[Date "1994.??.??"]
[Round "?"]
[White "Peterwagner, Heinz"]
[Black "Volkmann, Friedrich"]
[Result "1/2-1/2"]
[WhiteElo "2215"]
[BlackElo "2320"]

1.e4 c5 2.Nc3 Nc6 3.Nge2 g6 4.d4 cxd4 5.Nxd4 Bg7 6.Be3 Nf6 7.Be2 O-O 8.Qd2 d5
9.exd5 Nxd5 10.Nxd5 Nxd4 11.Nc3 Nxe2 12.Qxe2 Bf5 13.O-O Qa5 14.Rfd1 Rfd8
15.Rxd8+ Rxd8 16.Rd1 Rxd1+ 17.Qxd1 h5 18.h3 Kh7 19.Qf3 Qb4 20.Bc1 b5 21.a3 Qd6
22.Bf4 e5 23.Be3 b4 24.Nb5 Qd7 25.Nxa7 bxa3 26.bxa3 Bxc2 27.Qc6 Qd3 28.Qe8 Bb3
29.Nc8 f5 30.Bg5 f4 31.Qe7 Qf5 32.Nd6 Qf8 33.Qd7 Kg8 34.Ne8 Qf7  1/2-1/2

[Event "AUT-chT"]
[Site "?"]
[Date "1994.??.??"]
[Round "?"]
[White "Peterwagner, Heinz"]
[Black "Kaspret, Guido"]
[Result "1-0"]
[WhiteElo "2215"]
[BlackElo "2315"]

1.e4 c5 2.Nc3 Nc6 3.Nge2 d6 4.d4 cxd4 5.Nxd4 Nf6 6.Be2 g6 7.Be3 Bg7 8.Nb3 O-O
9.Qd2 Be6 10.Bh6 d5 11.exd5 Bxd5 12.Nxd5 Qxd5 13.Qxd5 Nxd5 14.Bxg7 Kxg7 15.O-O-O e6
16.Bf3 Nce7 17.Rd2 Rac8 18.Rhd1 Rc7 19.Kb1 b5 20.Nd4 a6 21.Bg4 e5 22.Nb3 f5
23.Be2 Nf6 24.f3 Rfc8 25.c3 f4 26.Rd6 Ra8 27.Re6 Nf5 28.Rxe5 Ne3 29.Rd6 Ne8
30.Rde6 Nf6 31.Nd4 Nxg2 32.Rd6 Rca7 33.Bd3 Re8 34.Ree6 Rxe6 35.Nxe6+ Kh6
36.Nc5 Ne1  1-0

[Event "AUT-chT"]
[Site "?"]
[Date "1994.??.??"]
[Round "?"]
[White "Schumi, Manfred"]
[Black "Beck, Hartmuth"]
[Result "1/2-1/2"]
[WhiteElo "2255"]
[BlackElo "2285"]

1.e4 c5 2.Nc3 Nc6 3.Nf3 d6 4.d4 cxd4 5.Nxd4 Nf6 6.g3 g6 7.Bg2 Bg7 8.Nxc6 bxc6
9.e5 Nd5 10.Nxd5 cxd5 11.exd6 e6 12.O-O O-O 13.Re1 Qxd6 14.c4 Bb7 15.Be3 Rfd8
16.Rc1 Qa6  1/2-1/2

[Event "AUT-chT"]
[Site "?"]
[Date "1994.??.??"]
[Round "?"]
[White "Roth, Peter"]
[Black "Loebler, Heimo"]
[Result "0-1"]
[WhiteElo "2290"]
[BlackElo "2290"]

1.e4 c5 2.Nf3 Nc6 3.Nc3 e5 4.Bb5 Bd6 5.O-O Nf6 6.Re1 O-O 7.d3 h6 8.Nh4 Bc7
9.Bxc6 bxc6 10.Qf3 d6 11.Nf5 Bxf5 12.exf5 d5 13.Qh3 Qd6 14.Re3 Nh7 15.Rg3 Kh8
16.Bd2 Qf6 17.Rf1 Rab8 18.Nd1 c4 19.dxc4 e4 20.Rg4 Rfe8 21.cxd5 cxd5 22.Nc3 Qxf5
23.Bxh6 g6 24.Ne2 Rxb2 25.Be3 Be5 26.Nd4 Qf6 27.c3 Kg8 28.Rh4 Ng5 29.Qg4 Ne6
30.Nxe6 Qxe6 31.Qg5 Rc8 32.Bd4 Bxd4 33.cxd4 Rcb8 34.h3 Rb1 35.Rxb1 Rxb1+
36.Kh2 Qd6+ 37.g3 Rb2 38.Kg2 Rxa2 39.Rf4 e3 40.Qg4 Rxf2+ 41.Rxf2 exf2 42.Kxf2 Kg7
43.Qe2 a6 44.Kg2 Qe6 45.Qd2 Qe4+ 46.Kh2 a5 47.h4 a4 48.h5 a3 49.hxg6 Kxg6
50.Qa2 Qf3 51.Qc2+ Kg7 52.Qd2 f6 53.Qc2 Qe4 54.Qa2 Qd3 55.Qxd5 Qe2+ 56.Kh3 a2
57.Qb7+ Kg6 58.Qa8 Qf1+ 59.Kh2 a1=Q 60.Qg8+ Kf5 61.Qd5+ Kg4 62.Qe4+ Kg5 63.Qh4+ Kf5
64.Qh7+ Ke6 65.Qg8+ Ke7 66.Qg7+ Kd6 67.Qf8+ Kd5 68.Qc5+ Ke4 69.Qc2+ Qd3 70.Qc6+ Ke3  0-1

[Event "AUT-chT2S 9394"]
[Site "AUT"]
[Date "1994.??.??"]
[Round "?"]
[White "Ofner, M."]
[Black "Leitner, Maximilian"]
[Result "0-1"]
[WhiteElo "2135"]
[BlackElo "2135"]

1.e4 c5 2.Ne2 Nc6 3.Nbc3 e5 4.g3 d6 5.Bg2 g6 6.d3 Bg7 7.O-O Bg4 8.h3 Bxe2
9.Nxe2 Nge7 10.Be3 O-O 11.c3 b6 12.f4 d5 13.Qc2 d4 14.cxd4 exf4 15.gxf4 Nxd4
16.Nxd4 Bxd4 17.Qf2 Bxe3 18.Qxe3 Nc6 19.Rf2 Qd4 20.Qg3 Rad8 21.e5 Ne7 22.Be4 f6
23.exf6 Rxf6 24.Re1 Rdf8 25.Kg2 Nf5 26.Bxf5 Rxf5 27.Re4 Qd5 28.Kh2 Qxa2 29.Qh4 Qd5
30.Re7 R5f7 31.Rfe2 Qf5 32.R2e4 Qf6 33.Qxf6 Rxf6 34.Rxa7 Rxf4 35.Ree7 R4f7
36.Kg3 Kg7 37.Rab7 Rxe7 38.Rxe7+ Rf7 39.Re6 Rf6 40.Re7+ Kh6 41.Re5 g5 42.Rd5 Kg6
43.h4 gxh4+ 44.Kxh4 Rf4+ 45.Kg3 Rd4 46.Re5 Rxd3+ 47.Kf4 Rd4+ 48.Kf3 Rb4 49.Re6+ Kf5
50.Rh6 Rb3+ 51.Ke2 Ke4 52.Rh4+ Kd5 53.Rxh7 Kc4 54.Rh4+ Kb5 55.Kd2 Rxb2+ 56.Kc3 Rb4
57.Rxb4+ cxb4+ 58.Kb3 Kc5 59.Kb2 Kc4 60.Kc2 b3+ 61.Kb2 Kb4 62.Kb1 Kc3 63.Kc1 b2+
64.Kb1 b5 65.Ka2 Kc2 66.Ka3 b4+  0-1

[Event "AUT-chT2S 9394"]
[Site "AUT"]
[Date "1994.??.??"]
[Round "?"]
[White "Schrey, Stefan"]
[Black "Januschke, Markus"]
[Result "1-0"]
[WhiteElo "2110"]
[BlackElo "2120"]

1.e4 c5 2.Nc3 Nc6 3.Nf3 g6 4.g3 Bg7 5.Bg2 Nf6 6.O-O O-O 7.d3 d6 8.Bd2 Nd4
9.Nxd4 cxd4 10.Ne2 Qb6 11.c3 dxc3 12.Bxc3 Bd7 13.Qd2 Rac8 14.Rac1 e5 15.h3 Bb5
16.Rfd1 Nd7 17.b4 f5 18.exf5 gxf5 19.a4 Bc6 20.b5 Bxg2 21.Ba5 Rxc1 22.Rxc1 Bxh3
23.Bxb6 axb6 24.Rc7 Nc5 25.d4 exd4 26.Nxd4 f4 27.gxf4 Bh6 28.Qe3 Bg4 29.Qe7  1-0

[Event "AUT-chT2S 9394"]
[Site "AUT"]
[Date "1994.??.??"]
[Round "?"]
[White "Klocker, Hartmut"]
[Black "Scheck, Rudolf"]
[Result "1/2-1/2"]
[WhiteElo "2165"]
[BlackElo "2200"]

1.e4 c5 2.Nc3 Nc6 3.Nf3 d6 4.d4 cxd4 5.Nxd4 Nf6 6.Bg5 e6 7.Qd2 a6 8.O-O-O Bd7
9.f4 h6 10.Bh4 Be7 11.Nf3 Rc8 12.Bd3 Nb8 13.e5 dxe5 14.fxe5 Nd5 15.Bxe7 Qxe7
16.Nxd5 exd5 17.Nd4 Nc6 18.Bf5 O-O 19.Bxd7 Qxd7 20.Rhe1 Rfe8 21.Nf3  1/2-1/2

[Event "Bahn-chG"]
[Site "Bad Laasphe"]
[Date "1994.??.??"]
[Round "5"]
[White "Jankowski, Richard"]
[Black "Mueller, M."]
[Result "1-0"]
[WhiteElo "1980"]
[BlackElo "2145"]

1.e4 c5 2.Nf3 Nc6 3.Nc3 g6 4.Bc4 Bg7 5.O-O d6 6.h3 Nf6 7.Re1 O-O 8.a3 e6
9.d4 cxd4 10.Nxd4 Nxd4 11.Qxd4 Nd5 12.Qd3 Nxc3 13.bxc3 Qa5 14.Bd2 Bd7 15.Bb3 Qc5
16.Ra2 a5 17.a4 Rad8 18.c4 Bc6 19.Be3 Qb4 20.Bd2 Qb6 21.Be3 Qc7 22.Bd4 e5
23.Be3 h6 24.f3 Kh7 25.Raa1 Bd7 26.Qe2 Be6 27.Qf2 Qc6 28.Bb6 Ra8 29.c5 d5
30.exd5 Bxd5 31.Rad1 Be6 32.Rd6 Qe8 33.Red1 Bxb3 34.cxb3 e4 35.Re1 f5 36.f4 Qf7
37.Re3 Rfe8 38.Qd2 Bf8 39.Rd5 Kg8 40.Kh2 Re6 41.Bxa5 g5 42.Rd7 Re7 43.Rxe7 Bxe7
44.Bb6 gxf4 45.Rc3 Bf6 46.Rc4 Re8 47.c6 bxc6 48.Rxc6 e3 49.Qe2 Be5 50.Qf3 e2
51.Bf2 Bb8 52.Qc3 f3+ 53.g3 Qg7 54.Qxf3 Ba7 55.Be1 Qd4 56.Qg2 Re4 57.Rc4 Qd3
58.Rc8+ Kf7 59.Rc7+ Ke6 60.Rxa7 Qxb3 61.Qf2 Rxa4 62.Qxe2+ Re4 63.Qa6+ Ke5
64.Re7+ Kd4 65.Bf2+ Kc3 66.Rc7+ Kd2 67.Rd7+ Kc2 68.Qf1 Kb2 69.Rd2+ Ka3 70.Rd3  1-0

[Event "Bad Woerishofen op"]
[Site "Bad Woerishofen"]
[Date "1994.??.??"]
[Round "8"]
[White "Galdunts, Sergey"]
[Black "Kupreichik, Viktor D"]
[Result "1-0"]
[WhiteElo "2420"]
[BlackElo "2515"]

1.e4 c5 2.Nc3 Nc6 3.Nge2 g6 4.d4 cxd4 5.Nxd4 Bg7 6.Be3 Nf6 7.Nxc6 bxc6 8.e5 Nd5
9.Nxd5 cxd5 10.Qxd5 Rb8 11.Bc4 e6 12.Qc5 Bb7 13.O-O-O Rc8 14.Qxa7 Bxg2 15.Rhg1 Rxc4
16.Rxg2 Bxe5 17.f4 Bxf4 18.Bxf4 Rxf4 19.Qc5 Ra4 20.Kb1 Qa8 21.a3 Qc6 22.Qxc6 dxc6
23.Rd6 Ra6 24.Rgd2 O-O 25.c4 e5 26.Rd7 Ra4 27.c5 Ra5 28.Rc2 e4 29.Re7 f5
30.b4 Rxa3 31.b5 cxb5 32.c6 Raa8 33.c7 f4 34.Rd2 e3 35.Rdd7 Rfe8 36.Rxe8+ Rxe8
37.Rd8  1-0

[Event "Badenweiler op"]
[Site "Badenweiler"]
[Date "1994.??.??"]
[Round "4"]
[White "Galdunts, Sergey"]
[Black "Breyther, Ruediger"]
[Result "1-0"]
[WhiteElo "2420"]
[BlackElo "2315"]

1.e4 c5 2.Nc3 Nc6 3.Nge2 g6 4.g3 Bg7 5.Bg2 d6 6.d3 Rb8 7.Be3 Nd4 8.O-O e6
9.Rb1 Ne7 10.b4 O-O 11.f4 Qd7 12.bxc5 dxc5 13.e5 b6 14.Ne4 Nxe2+ 15.Qxe2 Bb7
16.c3 Bxe4 17.Bxe4 Nd5 18.Bd2 Rfd8 19.h4 f5 20.exf6 Nxf6 21.Rfd1 Nxe4 22.dxe4 Qd3
23.Qxd3 Rxd3 24.Be1 Rbd8 25.Rxd3 Rxd3 26.e5 h6 27.Kf2 g5 28.Ke2 c4 29.hxg5 hxg5
30.Rb4 gxf4 31.gxf4 Rh3 32.Rxc4 Bh6 33.Bd2 Rh2+ 34.Kd3 Rh3+ 35.Ke4 Rh2 36.Rd4 Re2+
37.Kf3 Rh2 38.a4 Bf8 39.Be3 Ra2 40.Rc4 Bc5 41.Bxc5 bxc5 42.Rxc5 Rxa4 43.Kg4 Kf7
44.Kg5 Ke7 45.Rc7+ Kd8 46.Rh7 a5 47.Kf6 Rxf4+ 48.Kxe6 Rf3 49.c4 a4 50.Ra7 a3
51.c5 Rd3 52.c6 Rc3 53.c7+ Kc8 54.Kd6 Rd3+ 55.Ke7 Rc3 56.Kf6 Rf3+ 57.Ke6 Rc3
58.Kf5 Rf3+ 59.Ke4 Rc3 60.e6 Rc1 61.Rxa3 Kxc7 62.Ra6 Rf1 63.Ke5 Rf2 64.e7 Re2+
65.Kf6 Rf2+ 66.Ke6 Re2+ 67.Kf7 Rf2+ 68.Ke8  1-0

[Event "Badenweiler op"]
[Site "Badenweiler"]
[Date "1994.??.??"]
[Round "8"]
[White "Galdunts, Sergey"]
[Black "Mueller, Werner"]
[Result "1-0"]
[WhiteElo "2420"]
[BlackElo "2200"]

1.e4 c5 2.Nc3 Nc6 3.Nge2 d6 4.d4 cxd4 5.Nxd4 Nf6 6.Bc4 Qb6 7.Nb3 e6 8.Bf4 Ne5
9.Be2 Be7 10.Be3 Qc7 11.f4 Nc6 12.Bf3 O-O 13.O-O a6 14.a4 b6 15.g4 Bb7 16.g5 Nd7
17.Bg2 Rac8 18.Rf3 Rfe8 19.Rh3 g6 20.Qe1 Nb4 21.Qh4 h5 22.Bf3 Bf8 23.Bxh5 gxh5
24.f5 exf5 25.Qxh5 Bg7 26.Nd4 Re5 27.Rf1 Nf8 28.Nxf5 Rxf5 29.exf5 Re8 30.f6 Rxe3
31.Rxe3 Qc5 32.Nd1 Qd5 33.Rg3 Nxc2 34.fxg7 Ng6 35.Qf3 Qxf3 36.Rgxf3 Bxf3
37.Rxf3 Kxg7 38.Rd3 Ne5 39.Rxd6 Nf3+ 40.Kg2 Nxg5 41.Rxb6  1-0

[Event "Badenweiler op"]
[Site "Badenweiler"]
[Date "1994.??.??"]
[Round "9"]
[White "Galdunts, Sergey"]
[Black "Werner, Clemens"]
[Result "1/2-1/2"]
[WhiteElo "2420"]
[BlackElo "2305"]

1.e4 c5 2.Nc3 Nc6 3.Nge2 g6 4.d4 cxd4 5.Nxd4 Bg7 6.Be3 d6 7.Bc4 Nf6 8.h3 O-O
9.Bb3 Na5 10.O-O Nxb3 11.axb3 Bd7 12.f4 Bc6 13.Qd3 Qd7 14.Rfd1 Rfd8 15.b4 a6
16.Nxc6 Qxc6 17.e5 Ne8 18.Nd5 Bf8 19.Bb6 Rdc8 20.Bf2 Rab8 21.Ba7 Ra8 22.Bf2 Rab8
23.Nb6 Rc7 24.Nd5 Rcc8  1/2-1/2

[Event "Baile Herculane (Women)"]
[Site "Baile Herculane"]
[Date "1994.??.??"]
[Round "2"]
[White "Marin Ionescu, Luiza"]
[Black "Baumstark, Gertrude"]
[Result "1-0"]
[WhiteElo "2115"]
[BlackElo "2135"]

1.e4 c5 2.Nf3 Nc6 3.Nc3 Nf6 4.Bb5 e5 5.Bxc6 dxc6 6.Nxe5 Nxe4 7.Nxe4 Qd4 8.Qe2 Qxe5
9.d4 cxd4 10.f4 Qe7 11.f5 Qe5 12.O-O Bc5 13.Kh1 O-O 14.Bf4 Qd5 15.c4 d3 16.Qe1 Qd4
17.Nxc5 Qxc5 18.Qg3 Qxf5 19.Bd6 Qg4 20.Bxf8 Qxg3 21.hxg3 Kxf8 22.Rf3 Be6
23.b3 a5 24.Rxd3 a4 25.Rad1 axb3 26.axb3 Ra3 27.c5 g6 28.b4 Ra4 29.Rd4 Kg7
30.g4 h6 31.Re1 Bd5 32.Re7 Kf6 33.Rxb7 Ke5 34.Rd2 Kf4 35.Kh2 f5 36.gxf5 Kxf5
37.Rxd5+ cxd5 38.c6  1-0

[Event "Baile Herculane (Women)"]
[Site "Baile Herculane"]
[Date "1994.??.??"]
[Round "11"]
[White "Marin Ionescu, Luiza"]
[Black "Zatonskih, Anna"]
[Result "1/2-1/2"]
[WhiteElo "2115"]
[BlackElo "2135"]

1.e4 c5 2.Nf3 Nc6 3.Nc3 Nf6 4.Bb5 Qc7 5.Bxc6 Qxc6 6.e5 Ne4 7.O-O Nxc3 8.bxc3 b6
9.d4 e6 10.Nd2 Bb7 11.f3 cxd4 12.cxd4 Qc3 13.Nb3 Rc8 14.Rf2 Be7 15.Rb1 O-O
16.Bb2 Qc4 17.c3 f6 18.exf6 Bxf6 19.Rc2 Bg5 20.Bc1 Bf4 21.Bxf4 Rxf4 22.Rbc1 Rcf8
23.Qe1 Qd3 24.Nd2 Qg6 25.Qg3 Qh5 26.Re1 Qf5 27.Rcc1 Rf6 28.Re5 Qd3 29.Qe1 Qg6
30.Qg3 Qh6 31.Qg5 Qxg5 32.Rxg5 Rf8 33.Re5 Rc8 34.Ne4 Bxe4 35.Rxe4 Rf5 36.Re2 Ra5
37.c4 d5 38.c5 bxc5 39.dxc5 Kf7 40.Rb2 Kf6 41.c6 Ra6 42.c7 Ke7 43.Rb8 Kd7
44.Rxc8 Kxc8 45.Rc2 Rd6 46.Kf2  1/2-1/2

[Event "Balatonbereny op"]
[Site "Balatonbereny"]
[Date "1994.??.??"]
[Round "4"]
[White "Ciolac, Gheorghe"]
[Black "Agamaliev, Djamil"]
[Result "1/2-1/2"]
[WhiteElo "2390"]
[BlackElo "2440"]

1.e4 c5 2.Nc3 Nc6 3.Nge2 Nf6 4.d4 cxd4 5.Nxd4 e5 6.Ndb5 d6 7.Bg5 a6 8.Na3 b5
9.Nd5 Be7 10.Bxf6 Bxf6 11.c4 b4 12.Nc2 O-O 13.Be2 a5 14.O-O Bg5 15.Qd3 Ne7
16.Nxe7+ Qxe7 17.a3 bxa3 18.Rxa3 Be6 19.Rfa1 Qb7 20.b3 Rab8 21.h3 Bd8 22.Ne3 Bb6
23.Bd1 Qc6 24.R1a2 Qc5 25.Bg4 Qb4 26.Nc2 Qc5 27.Ne3 Qb4 28.Nc2 Qc5 29.Ne3 Qb4  1/2-1/2

[Event "Balatonbereny op"]
[Site "Balatonbereny"]
[Date "1994.??.??"]
[Round "5"]
[White "Gouliev, Namig"]
[Black "Horvath, Gyula"]
[Result "1/2-1/2"]
[WhiteElo "2370"]
[BlackElo "2445"]

1.e4 c5 2.Nf3 Nc6 3.Nc3 g6 4.d4 cxd4 5.Nxd4 Bg7 6.Be3 Nf6 7.Nxc6 bxc6 8.e5 Ng8
9.f4 f6 10.Bd4 Qa5 11.exf6 Nxf6 12.Be2 Rb8 13.O-O O-O 14.Kh1 d5 15.a3 Nd7
16.Bg4 Bxd4 17.Be6+ Kg7 18.Qxd4+ Nf6 19.Bxc8 Rbxc8 20.Rae1 Rf7 21.Re6 Qb6
22.Qe5 Qxb2 23.Rxe7 Qxa3 24.Re6 Qf8 25.f5 gxf5 26.Ne2 Kg8 27.Rxf5 Ne4 28.Nd4 Qg7
29.Re8+ Rxe8 30.Qxe8+ Qf8 31.Qxf8+ Kxf8 32.Rxf7+ Kxf7 33.Nxc6  1/2-1/2

[Event "Balatonbereny op"]
[Site "Balatonbereny"]
[Date "1994.??.??"]
[Round "9"]
[White "Hoeckendorf, Hartmut"]
[Black "Mohandesi, Shahin"]
[Result "1/2-1/2"]
[WhiteElo "2235"]
[BlackElo "2320"]

1.e4 c5 2.Nf3 Nc6 3.Nc3 Nf6 4.g3 d6 5.d4 cxd4 6.Nxd4 Bd7 7.Bg2 e6 8.O-O Be7
9.a4 a6 10.Nb3 O-O 11.a5 Ne5 12.Qe2 Qc7 13.h3 Rac8 14.f4 Nc4 15.Kh2 Ne8 16.g4 Bf6
17.g5 Bxc3 18.bxc3 g6 19.Qf2 Ng7 20.h4 f6 21.Nd2 Nxa5 22.gxf6 Rxf6 23.Qd4 Rf7
24.Ba3 Ne8 25.Rf3 Nc4 26.Bb4 a5 27.Nxc4 Qxc4 28.Rxa5 Qxd4 29.cxd4 Rxc2 30.Ra8 Bc6
31.d5 exd5 32.exd5 Bd7 33.Bxd6 Rc8 34.Rxc8 Bxc8 35.Be5 Kf8 36.d6 Be6 37.Ra3 Rd7
38.Ra8 Kf7 39.Rb8 Nxd6 40.Rh8 h5 41.Rh7+ Ke8 42.Rxd7  1/2-1/2

[Event "Barcelona UGA"]
[Site "Barcelona"]
[Date "1994.??.??"]
[Round "4"]
[White "Rivera, Daniel"]
[Black "Oms Pallise, Josep"]
[Result "1-0"]
[WhiteElo "2375"]
[BlackElo "2305"]

1.e4 c5 2.Nc3 Nc6 3.Nge2 d6 4.d4 cxd4 5.Nxd4 Nf6 6.Be2 e5 7.Nf3 h6 8.O-O Be7
9.Re1 O-O 10.h3 Be6 11.Bf1 Nb8 12.a4 Nbd7 13.a5 a6 14.Nd5 Nxd5 15.exd5 Bf5
16.c4 Re8 17.b4 Bf6 18.Be3 e4 19.Nd4 Bg6 20.Qd2 Rc8 21.Rac1 Ne5 22.Nb3 Qd7
23.Qa2 Bf5 24.Nd4 Nf3+ 25.gxf3 Bxh3 26.Qe2 Bxf1 27.Rxf1 Qh3 28.f4 g5 29.fxg5 Kh7
30.f3 Rg8 31.Qh2 Rxg5+ 32.Bxg5 Bxd4+ 33.Kh1 Qxh2+ 34.Kxh2 hxg5 35.fxe4 Kg6
36.Rf5 f6 37.Rff1 Be3 38.Rc2 Re8 39.c5 dxc5 40.bxc5 Rxe4 41.c6 bxc6 42.dxc6 Re8
43.Kg2 f5 44.c7  1-0

[Event "Regionalliga NO9495"]
[Site "Bayern"]
[Date "1994.??.??"]
[Round "4"]
[White "Mueller, Markus"]
[Black "Luft, Josef"]
[Result "1-0"]
[WhiteElo "1980"]
[BlackElo "2155"]

1.e4 c5 2.Nf3 Nc6 3.Nc3 d6 4.d4 cxd4 5.Nxd4 Nf6 6.Bg5 e6 7.Qd2 a6 8.O-O-O Bd7
9.f4 Be7 10.Nf3 b5 11.e5 dxe5 12.fxe5 b4 13.exf6 bxc3 14.Qxc3 gxf6 15.Bh6 Nb4
16.Qb3 Rc8 17.c3 a5 18.Bb5 Nd5 19.Kb1 Rc7 20.c4 Nb4 21.Rxd7 Rxd7 22.Rd1  1-0

[Event "Regionalliga SO9495"]
[Site "Bayern"]
[Date "1994.??.??"]
[Round "8"]
[White "Kramer, Kurt"]
[Black "Beckert, Stefan"]
[Result "1-0"]
[WhiteElo "1940"]
[BlackElo "1915"]

1.e4 c5 2.Nf3 Nc6 3.Nc3 e5 4.Bc4 Be7 5.d3 d6 6.h3 Nf6 7.Bg5 O-O 8.O-O Ne8
9.Bxe7 Nxe7 10.Nd5 Nxd5 11.Bxd5 Be6 12.Bb3 Bxb3 13.axb3 f5 14.exf5 Rxf5 15.Qe2 Rf7
16.Rae1 Nc7 17.Qe4 Ne6 18.c3 Qf6 19.Qh4 Qxh4 20.Nxh4 Raf8 21.Nf3 Nf4 22.Ng5 Rf5
23.Ne4 Nxd3 24.Rd1 d5 25.Rxd3 dxe4 26.Re3 Rd8 27.Rxe4 Rd2 28.g4 Rf8 29.Rxe5 Rxb2
30.Rxc5 Rxb3 31.f4 Rb2 32.f5 Rd8 33.Rf2 Rb1+ 34.Kg2 Ra8 35.Rd2 a5 36.Rc7 a4
37.Rdd7 Rb2+ 38.Kf3 h5 39.Rxg7+ Kf8 40.Rh7 hxg4+ 41.hxg4 Kg8 42.Rcg7+ Kf8
43.f6  1-0

[Event "JUG-chT Cup"]
[Site "Becici"]
[Date "1994.??.??"]
[Round "?"]
[White "Kulak, Dejan"]
[Black "Cabrilo, Goran"]
[Result "0-1"]
[WhiteElo "2305"]
[BlackElo "2480"]

1.e4 c5 2.Nf3 Nc6 3.Nc3 d6 4.d4 cxd4 5.Nxd4 Nf6 6.g3 Qb6 7.Nb3 e6 8.Bg2 Be7
9.O-O O-O 10.a4 Qc7 11.Nb5 Qb8 12.Qe2 a6 13.Nc3 b6 14.f4 Bb7 15.Be3 Qc7 16.g4 Rfe8
17.g5 Nd7 18.Rad1 Bf8 19.Bc1 Nc5 20.Nd2 Nd4 21.Qc4 Nxc2 22.Nf3 Rac8 23.Rf2 Na1
24.Nd2 Qd7 25.Qa2 Nc2 26.Nc4 Nb4 27.Qa3 Nbd3 28.Nxb6 Qc7 29.Nxc8 Nxf2 30.Kxf2 d5
31.b4 dxe4 32.Nd6 Bxd6 33.Rxd6 Nd3+ 34.Rxd3 exd3 35.Be3 Bxg2 36.Kxg2 Qc6+
37.Kg3 Rc8 38.b5 Qxc3 39.Qxc3 Rxc3 40.bxa6 Ra3  0-1

[Event "JUG-chT Cup"]
[Site "Becici"]
[Date "1994.??.??"]
[Round "?"]
[White "Cabarkapa, Velibor"]
[Black "Novoselski, Zoran"]
[Result "1-0"]
[WhiteElo "2285"]
[BlackElo "2370"]

1.e4 c5 2.Nf3 Nc6 3.Nc3 g6 4.d4 cxd4 5.Nxd4 Bg7 6.Be3 Nf6 7.Bc4 Qa5 8.O-O O-O
9.Bb3 d6 10.h3 Bd7 11.Qd2 Qh5 12.Nde2 Rfc8 13.Bg5 h6 14.Be3 g5 15.f4 g4 16.e5 dxe5
17.fxe5 Nxe5 18.Nf4 Qh4 19.Bd4 Nc4 20.Bxf6 Qxf6 21.Qxd7 Rd8 22.Qxg4 Ne3 23.Qg3 Qg5
24.Qf3 Nxf1 25.Rxf1 e6 26.Nh5 Bd4+ 27.Kh1 Kh8 28.Ne4 Qg6 29.Nf4 Qg7 30.Nh5 Qg6
31.Nhf6 Bxb2 32.c3 Ba3 33.Bc2 Qf5 34.Qe2 Qe5 35.Qe3 Bf8 36.Ng4 Qg7 37.Nef6 Rac8
38.Ne5 Bc5 39.Qe4 Rc7 40.Nh5 Qg8 41.Qf4  1-0

[Event "Berliner Sommer"]
[Site "Berlin"]
[Date "1994.??.??"]
[Round "?"]
[White "Schaffarth, Peter"]
[Black "Mukhametov, Eldar"]
[Result "0-1"]
[WhiteElo "2235"]
[BlackElo "2430"]

1.e4 c5 2.Nc3 Nc6 3.Nge2 d6 4.h3 g6 5.g3 Bg7 6.Bg2 e5 7.d3 Nge7 8.O-O O-O
9.f4 Nd4 10.Be3 Be6 11.Kh2 Rc8 12.Qd2 Nxe2 13.Qxe2 exf4 14.Bxf4 Qd7 15.Rf2 d5
16.Bd2 d4 17.Nd1 f5 18.Rc1 b5 19.b3 c4 20.Bb4 Rfe8 21.Bxe7 Rxe7 22.e5 cxb3
23.axb3 Bxb3 24.Qd2 Bd5 25.Qb4 Bxg2 26.Rxg2 Re6 27.c4 Bh6 28.Rf2 Kh8 29.Rcc2 a6
30.Nb2 Qd8 31.Rf3 Rb8 32.cxb5 axb5 33.Qb3 Ra6 34.Qf7 Qg8 35.Qc7 Ra2 36.e6 Re8
37.Qe5+ Bg7 38.Qd5 Qxe6 39.Qxb5 h5 40.Rcf2 Qe1  0-1

[Event "Berliner Sommer"]
[Site "Berlin"]
[Date "1994.??.??"]
[Round "?"]
[White "Mach, Holger"]
[Black "Muse, Mladen"]
[Result "1/2-1/2"]
[WhiteElo "2270"]
[BlackElo "2455"]

1.e4 c5 2.Nc3 Nc6 3.Nge2 Nf6 4.d4 cxd4 5.Nxd4 e5 6.Ndb5 d6 7.Bg5 a6 8.Na3 b5
9.Nd5 Be7 10.Bxf6 Bxf6 11.c3 Bb7 12.Nc2 Nb8 13.c4 O-O 14.cxb5 axb5 15.Be2 Bxd5
16.Qxd5 Qa5+ 17.b4 Qa4 18.Bxb5 Qxc2 19.Qxa8 Qc3+ 20.Ke2 Qb2+ 21.Kf3 Qc3+
22.Ke2 Qb2+ 23.Kf3 Qc3+ 24.Ke2  1/2-1/2

[Event "Berliner Sommer"]
[Site "Berlin"]
[Date "1994.??.??"]
[Round "?"]
[White "Kovalev, Andrei"]
[Black "Kleeschaetzky, Ralf"]
[Result "1-0"]
[WhiteElo "2525"]
[BlackElo "2290"]

1.e4 c5 2.Nf3 Nc6 3.Nc3 Nf6 4.Bb5 Nd4 5.e5 Nxb5 6.Nxb5 Nd5 7.Ng5 e6 8.Ne4 Qh4
9.Qf3 f5 10.exf6 gxf6 11.g3  1-0

[Event "Berliner Sommer"]
[Site "Berlin"]
[Date "1994.??.??"]
[Round "?"]
[White "Wolski, Thomas"]
[Black "Rabiega, Robert"]
[Result "1-0"]
[WhiteElo "2325"]
[BlackElo "2475"]

1.e4 c5 2.Nf3 Nc6 3.Nc3 e5 4.Bc4 Be7 5.d3 Nf6 6.O-O d6 7.Nd5 Nxd5 8.Bxd5 O-O
9.c3 Bg4 10.h3 Bh5 11.g4 Bg6 12.Kg2 Qd7 13.Ng1 Kh8 14.Ne2 h6 15.Ng3 Bf6 16.Rh1 Ne7
17.Bb3 Bh4 18.Be3 Bxg3 19.Kxg3 Rac8 20.Qf3 d5 21.Rad1 b6 22.Kh2 Rcd8 23.Qg3 Qc7
24.f4 exf4 25.Bxf4 Qc6 26.e5 c4 27.Bc2 d4 28.cxd4 Rxd4 29.Qf2 cxd3 30.Qxd4 dxc2
31.Rde1 Rc8  1-0